Correlation between the incidence of acquired pneumonia and metabolic parameters in intencive care / (رقم التسجيلة. 179128)

تفاصيل مارك
000 -LEADER
fixed length control field 06511namaa22004451i 4500
003 - CONTROL NUMBER IDENTIFIER
control field EG-GICUC
005 - أخر تعامل مع التسجيلة
control field 20260415124922.0
008 - FIXED-LENGTH DATA ELEMENTS--GENERAL INFORMATION
fixed length control field 260401s2025 ua a|||frm||| 000 0 eng d
040 ## - CATALOGING SOURCE
Original cataloguing agency EG-GICUC
Language of cataloging eng
Transcribing agency EG-GICUC
Modifying agency EG-GICUC
Description conventions rda
041 0# - LANGUAGE CODE
Language code of text/sound track or separate title eng
Language code of summary or abstract eng
-- ara
049 ## - Acquisition Source
Acquisition Source Deposit
082 04 - DEWEY DECIMAL CLASSIFICATION NUMBER
Classification number 615.82
092 ## - LOCALLY ASSIGNED DEWEY CALL NUMBER (OCLC)
Classification number 615.82
Edition number 21
097 ## - Degree
Degree Ph.D
099 ## - LOCAL FREE-TEXT CALL NUMBER (OCLC)
Local Call Number Cai01.21.10.Ph.D.2025.Al.C
100 0# - MAIN ENTRY--PERSONAL NAME
Authority record control number or standard number Alaa Omar Ahmed Mostafa,
Preparation preparation.
245 10 - TITLE STATEMENT
Title Correlation between the incidence of acquired pneumonia and metabolic parameters in intencive care /
Statement of responsibility, etc. by Alaa Omar Ahmed Mostafa ; Supervisors Prof. Dr. Nesreen Ghareeb El-nahas, Prof. Dr.Youssef Mohamed Amin Soliman, Prof. Dr. Rana Hesham Mohamed El Banna.
246 15 - VARYING FORM OF TITLE
Title proper/short title العلاقة بين الالتهاب الرئوي المكتسب والمتغيرات الايضيه في مرض العنايه المركزة
264 #0 - PRODUCTION, PUBLICATION, DISTRIBUTION, MANUFACTURE, AND COPYRIGHT NOTICE
Date of production, publication, distribution, manufacture, or copyright notice 2025.
300 ## - PHYSICAL DESCRIPTION
Extent 70 pages :
Other physical details illustrations ;
Dimensions 25 cm. +
Accompanying material CD.
336 ## - CONTENT TYPE
Content type term text
Source rda content
337 ## - MEDIA TYPE
Media type term Unmediated
Source rdamedia
338 ## - CARRIER TYPE
Carrier type term volume
Source rdacarrier
502 ## - DISSERTATION NOTE
Dissertation note Thesis (Ph.D)-Cairo University, 2025.
504 ## - BIBLIOGRAPHY, ETC. NOTE
Bibliography, etc. note Bibliography: pages 63-250.
520 #3 - SUMMARY, ETC.
Summary, etc. Background: Acquired pneumonia is a significant complication in ICU patients, <br/>often leading to increased morbidity and mortality. Metabolic parameters such <br/>as blood glucose levels, lactate, and electrolytes are critical indicators of patient <br/>health and may influence the risk of developing pneumonia. Understanding the <br/>correlation between these parameters and the incidence of pneumonia could help <br/>in devising better preventive and management strategies in intensive care <br/>settings. Methods: A cohort of 100 ICU patients was analyzed to identify the <br/>incidence of acquired pneumonia. Various metabolic parameters, including <br/>blood glucose levels, lactate, electrolytes, and gas measurements, were recorded. <br/>Data were collected on patient demographics, duration of mechanical ventilation, <br/>and length of ICU stay. Results: The study found that 45% (68 out of 150 <br/>patients) of the ICU patients developed acquired pneumonia. The mean blood <br/>glucose levels and lactate levels in these patients were 141.45 mg/dL and 2.6790 <br/>mmol/L, respectively. The average duration of mechanical ventilation was 4.81 <br/>days, and the mean length of ICU stay was 5.98 days. A significant positive <br/>correlation was observed between blood glucose levels and pneumonia incidence <br/>(correlation coefficient = 0.65, p < 0.01) as well as between lactate levels and <br/>pneumonia incidence (correlation coefficient = 0.72, p < 0.01). Conclusion: <br/>Elevated blood glucose and lactate levels are significantly correlated with an <br/>increased incidence of acquired pneumonia in ICU patients. The data suggest <br/>that meticulous monitoring and management of these metabolic parameters can <br/>potentially reduce the risk of pneumonia and improve patient outcomes.
520 #3 - SUMMARY, ETC.
Summary, etc. الخلفية: تُعدّ ظاهرة الرئة المُكتسبة من أبرز المضاعفات لدى مرضى العناية المركزة، وغالباً ما تؤدي إلى زيادة كلٍ من الحالات المرضية والوفيات. تُعتبر المؤشرات الاستقلابية مثل مستويات سكر الدم، واللاكتات، والشوارد من المؤشرات الحرجة لصحة المريض، وقد تؤثر على خطر تطور ذات الرئة. إن فهم العلاقة بين هذه المؤشرات وحدوث ذات الرئة قد يُسهم في تطوير استراتيجيات أفضل للوقاية والمعالجة في بيئة العناية المركزة.<br/>الطرق: تم تحليل مجموعة مكونة من 100 مريض في وحدة العناية المركزة لتحديد معدل حدوث ذات الرئة المكتسبة. تم تسجيل عدد من المؤشرات الاستقلابية، بما في ذلك مستويات سكر الدم، واللاكتات، والشوارد، وقياسات الغازات. كما جُمعت بيانات حول الخصائص الديموغرافية للمرضى، ومدة التهوية الميكانيكية، وفترة البقاء في العناية المركزة.<br/>النتائج: أظهرت الدراسة أن 45% (68 من أصل 100 مريضًا) من مرضى العناية المركزة قد أصيبوا بذات الرئة المكتسبة. بلغ متوسط مستويات سكر الدم واللاكتات لدى هؤلاء المرضى 141.45 ملغ/دل و2.6790 مليمول/لتر، على التوالي. كان متوسط مدة التهوية الميكانيكية 4.81 يومًا، ومتوسط مدة البقاء في العناية المركزة 5.98 يومًا. وُجِد ارتباط إيجابي معنوي بين مستويات سكر الدم وحدوث ذات الرئة (معامل الارتباط = 0.65، p < 0.01)، وكذلك بين مستويات اللاكتات وحدوث ذات الرئة (معامل الارتباط = 0.72، p < 0.01).)<br/>الاستنتاج: إن ارتفاع مستويات سكر الدم واللاكتات يرتبط بشكل ملحوظ بزيادة حدوث ذات الرئة المكتسبة لدى مرضى العناية المركزة. وتُشير هذه البيانات إلى أن المراقبة الدقيقة والسيطرة المُحكمة على هذه المؤشرات الاستقلابية قد تسهم في خفض خطر ذات الرئة وتحسين مخرجات المرضى.
530 ## - ADDITIONAL PHYSICAL FORM AVAILABLE NOTE
Issues CD Issues also as CD.
546 ## - LANGUAGE NOTE
Text Language Text in English and abstract in Arabic & English.
650 #0 - SUBJECT ADDED ENTRY--TOPICAL TERM
Topical term or geographic name entry element Physical Therapy
650 #0 - SUBJECT ADDED ENTRY--TOPICAL TERM
Topical term or geographic name entry element العلاج الطبيعي
653 #1 - INDEX TERM--UNCONTROLLED
Uncontrolled term Acquired pneumonia
-- metabolic parameters
-- intensive care unit
-- ICU
-- mechanical ventilation
-- blood glucose
-- lactate
-- patient outcomes
-- ذات الرئة المكتسبة
-- المؤشرات الاستقلابية
700 0# - ADDED ENTRY--PERSONAL NAME
Personal name Nesreen Ghareeb El-nahas
Relator term thesis advisor.
700 0# - ADDED ENTRY--PERSONAL NAME
Personal name Youssef Mohamed Amin Soliman
Relator term thesis advisor.
700 0# - ADDED ENTRY--PERSONAL NAME
Personal name Rana Hesham Mohamed El Bann
Relator term thesis advisor.
900 ## - Thesis Information
Grant date 01-01-2025
Supervisory body Nesreen Ghareeb El-nahas
-- Youssef Mohamed Amin Soliman
-- Rana Hesham Mohamed El Banna.
Universities Cairo University
Faculties Faculty of Physical Therapy
Department Department of Physical Therapy for Cardiovascular Respiratory Disorder and Geriatrics
905 ## - Cataloger and Reviser Names
Cataloger Name Shimaa
Reviser Names Eman Ghareb
942 ## - ADDED ENTRY ELEMENTS (KOHA)
Source of classification or shelving scheme Dewey Decimal Classification
Koha item type Thesis
Edition 21
Suppress in OPAC No
المقتنيات
Source of classification or shelving scheme Home library Current library Date acquired Inventory number Full call number Barcode Date last seen Effective from Koha item type
Dewey Decimal Classification المكتبة المركزبة الجديدة - جامعة القاهرة قاعة الرسائل الجامعية - الدور الاول 01.04.2026 93634 Cai01.21.10.Ph.D.2025.Al.C 01010110093634000 01.04.2026 01.04.2026 Thesis
Cairo University Libraries Portal Implemented & Customized by: Eng. M. Mohamady Contacts: new-lib@cl.cu.edu.eg | cnul@cl.cu.edu.eg
CUCL logo CNUL logo
© All rights reserved — Cairo University Libraries
CUCL logo
Implemented & Customized by: Eng. M. Mohamady Contact: new-lib@cl.cu.edu.eg © All rights reserved — New Central Library
CNUL logo
Implemented & Customized by: Eng. M. Mohamady Contact: cnul@cl.cu.edu.eg © All rights reserved — Cairo National University Library